000 00591nam a22001817a 4500
005 20250519153551.0
010 _aENG-144957
020 _c699.00
_a9789392568701
035 _aEN-128489
037 _bDBAD
082 _a332
100 _aRai Vinita
_981289
245 _aAn insight into the world of Microfinance/
_cVinita Rai,Monica Shrivastava,Shilpi Gupta
260 _aChhattisgarh
_bAditi Publication
_c2024
270 _aOpp.New Panchajanya vidya Mandir,Near Tiranga Chowk,Kushalpur,Raipur
_bChhattisgarh
_k9425210308
300 _a75p.
_c21cm(PB)
942 _2ddc
_cEN
_h332GUP
999 _c211355
_d211355